[Event "BL 1920 (Women)"]
[Site "Germany"]
[Date "2019.09.14"]
[Round "1.5"]
[White "Duessler, Stefanie"]
[Black "Schmidt, Jade"]
[Result "1/2-1/2"]
[WhiteElo "2108"]
[BlackElo "2054"]
[PlyCount "90"]
[EventDate "2019.09.14"]
[EventType "team-tourn"]
[EventRounds "11"]
[EventCountry "GER"]
[SourceTitle "EXT 2020"]
[Source "ChessBase"]
[SourceDate "2019.10.17"]
[SourceVersion "1"]
[SourceVersionDate "2019.10.17"]
[SourceQuality "1"]
[WhiteTeam "Lehrte (W)"]
[BlackTeam "Hamburger SK (W)"]
[WhiteTeamCountry "GER"]
[BlackTeamCountry "GER"]

1. e4 c5 2. Nf3 d6 3. d4 cxd4 4. Nxd4 Nf6 5. Nc3 Nc6 6. Bg5 e6 7. Qd2 a6 8. 0-0-0 Bd7 9. f4 b5 10. Nxc6 Bxc6 11. Bd3 b4 12. Ne2 Qb6 13. Ng3 Ng4 14. Rde1 Nf2 15. Rhf1 Nxd3+ 16. cxd3 h6 17. Bh4 a5 18. Kb1 Bb5 19. Ne2 Qa6 20. Rf3 Rc8 21. Nd4 Ba4 22. Rc1 Rc5 23. f5 e5 24. Nb3 Rxc1+ 25. Nxc1 Qc6 26. b3 Bb5 27. f6 gxf6 28. Bxf6 Rg8 29. g3 Rg6 30. Qc2 Be7 31. Bxe7 Qxc2+ 32. Kxc2 Kxe7 33. Kd2 Ke6 34. Ne2 Bc6 35. Ke3 d5 36. h3 Rg5 37. g4 h5 38. Rf5 Rxf5 39. exf5+ Kf6 40. d4 hxg4 41. hxg4 e4 42. Kf4 Bb5 43. g5+ Ke7 44. Ke3 Bxe2 45. Kxe2 Kf8 1/2-1/2

[Event "GER-ch (Women)"]
[Site "chess24.com INT"]
[Date "2019.05.31"]
[Round "8"]
[White "Schmidt, Jade"]
[Black "Zimmer, Elke"]
[Result "0-1"]
[WhiteElo "2062"]
[BlackElo "1926"]
[PlyCount "132"]
[EventDate "2019.05.26"]
[EventType "swiss"]
[EventRounds "9"]
[EventCountry "GER"]
[SourceTitle "EXT 2020"]
[Source "ChessBase"]
[SourceDate "2019.10.17"]
[SourceVersion "1"]
[SourceVersionDate "2019.10.17"]
[SourceQuality "1"]
[WhiteTeam "Germany"]
[BlackTeam "Germany"]
[WhiteTeamCountry "GER"]
[BlackTeamCountry "GER"]

1. d4 g6 2. e4 d6 3. c4 Nf6 4. Nc3 Bg7 5. f3 0-0 6. Be3 e5 7. d5 a5 8. Qd2 Na6 9. Bd3 b6 10. Nge2 Nc5 11. Bc2 a4 12. 0-0 Bd7 13. b4 axb3 14. axb3 c6 15. Rxa8 Qxa8 16. b4 cxd5 17. bxc5 d4 18. cxb6 dxe3 19. Qxe3 Qb7 20. Rd1 Rc8 21. Bd3 Ra8 22. Rb1 h5 23. Nd1 Ra3 24. Nec3 Kh7 25. Qc1 Ra8 26. Qb2 Bc6 27. Ne3 Bh6 28. Kf2 Nd7 29. Ned5 Nc5 30. Bc2 Bg7 31. Ra1 Rb8 32. Ke2 Ne6 33. Ba4 Nf4+ 34. Nxf4 exf4 35. Bc2 Qxb6 36. Qxb6 Rxb6 37. Ra3 Rb4 38. Kd3 Be5 39. Ra6 Bd7 40. Na2 Rb2 41. Nc3 Be6 42. Ra4 Kg7 43. Ne2 g5 44. Nc1 g4 45. Kd2 h4 46. Nd3 h3 47. gxh3 g3 48. hxg3 fxg3 49. Nxe5 g2 50. Ra1 dxe5 51. Rg1 Bxh3 52. Kc3 Rb8 53. Ba4 Kf6 54. c5 Kg5 55. c6 Kf4 56. Kc4 Kxf3 57. Kd5 f6 58. c7 Rb4 59. Bc6 Rd4+ 60. Kc5 Kf2 61. Ra1 g1Q 62. Rxg1 Kxg1 63. Bd5 Ra4 64. Kd6 Ra6+ 65. Ke7 Kf2 66. Bb7 Ra7 0-1

[Event "GER-ch (Women)"]
[Site "chess24.com INT"]
[Date "2019.05.30"]
[Round "7"]
[White "Liu, Sijia Anna"]
[Black "Schmidt, Jade"]
[Result "0-1"]
[WhiteElo "1689"]
[BlackElo "2062"]
[PlyCount "78"]
[EventDate "2019.05.26"]
[EventType "swiss"]
[EventRounds "9"]
[EventCountry "GER"]
[SourceTitle "EXT 2020"]
[Source "ChessBase"]
[SourceDate "2019.10.17"]
[SourceVersion "1"]
[SourceVersionDate "2019.10.17"]
[SourceQuality "1"]
[WhiteTeam "Germany"]
[BlackTeam "Germany"]
[WhiteTeamCountry "GER"]
[BlackTeamCountry "GER"]

1. e4 c5 2. Nf3 d6 3. d4 cxd4 4. Nxd4 Nf6 5. Nc3 Nc6 6. g3 Bg4 7. f3 Nxd4 8. Qxd4 Bxf3 9. Bb5+ Nd7 10. Rf1 Bg4 11. Qd5 Be6 12. Qxb7 Qc8 13. Bc6 Qxb7 14. Bxb7 Rb8 15. Bc6 g6 16. Nd5 Rc8 17. Ba4 Rc4 18. Nc3 Bg7 19. Bxd7+ Bxd7 20. Bd2 Bc6 21. 0-0-0 Bxe4 22. Rf4 f5 23. Nxe4 Rxe4 24. Rxe4 fxe4 25. Be3 a6 26. c4 Kd7 27. Bf4 Rc8 28. b3 Rc5 29. Be3 Rf5 30. Kc2 e6 31. Rd2 Kc6 32. b4 d5 33. g4 Rf3 34. cxd5+ exd5 35. Bc5 Rc3+ 36. Kd1 e3 37. Re2 d4 38. h3 Kd5 39. Rg2 Ke4 0-1

[Event "GER-ch (Women)"]
[Site "chess24.com INT"]
[Date "2019.05.29"]
[Round "5"]
[White "Schulze, Lara"]
[Black "Schmidt, Jade"]
[Result "1-0"]
[WhiteElo "2160"]
[BlackElo "2062"]
[PlyCount "61"]
[EventDate "2019.05.26"]
[EventType "swiss"]
[EventRounds "9"]
[EventCountry "GER"]
[SourceTitle "EXT 2020"]
[Source "ChessBase"]
[SourceDate "2019.10.17"]
[SourceVersion "1"]
[SourceVersionDate "2019.10.17"]
[SourceQuality "1"]
[WhiteTeam "Germany"]
[BlackTeam "Germany"]
[WhiteTeamCountry "GER"]
[BlackTeamCountry "GER"]

1. e4 e6 2. d4 d5 3. Nd2 dxe4 4. Nxe4 Bd7 5. Nf3 Bc6 6. Bd3 Nd7 7. 0-0 Ngf6 8. Ng3 Bxf3 9. Qxf3 c6 10. Re1 Be7 11. c4 0-0 12. b3 Re8 13. Bb2 Bd6 14. Ne4 Nxe4 15. Qxe4 g6 16. Rad1 Nf6 17. Qf3 Nh5 18. Bf1 Qc7 19. g3 Bf8 20. d5 exd5 21. Rxe8 Rxe8 22. cxd5 cxd5 23. Qxd5 Ng7 24. Rc1 Qe7 25. Qd4 b6 26. h4 Qd6 27. Qc3 Rd8 28. Bc4 Qd2 29. Qf6 Qd6 30. Qxf7+ Kh8 31. Qg8# 1-0

[Event "Hamburg CupT final"]
[Site "Hamburg"]
[Date "2019.05.12"]
[Round "5.2"]
[White "Schmidt, Jade"]
[Black "Von Gleich, Alexander"]
[Result "0-1"]
[WhiteElo "2043"]
[BlackElo "2274"]
[PlyCount "116"]
[EventDate "2019.05.11"]
[EventType "team-k.o."]
[EventRounds "5"]
[EventCountry "GER"]
[SourceTitle "EXT 2022"]
[Source "ChessBase"]
[SourceDate "2021.10.06"]
[SourceVersion "1"]
[SourceVersionDate "2021.10.06"]
[SourceQuality "1"]
[WhiteTeam "Hamburger SK III"]
[BlackTeam "Johanneum Eppendorf"]
[WhiteTeamCountry "GER"]
[BlackTeamCountry "GER"]

1. d4 Nf6 2. c4 e6 3. Nc3 Bb4 4. Qc2 0-0 5. a3 Bxc3+ 6. Qxc3 b5 7. cxb5 c6 8. e3 Bb7 9. f3 cxb5 10. Bxb5 Nc6 11. Ne2 Rc8 12. Qd3 Nd5 13. 0-0 Qb6 14. Nc3 Nc7 15. Rd1 Nxb5 16. Qxb5 Na5 17. Qxb6 axb6 18. Bd2 Nb3 19. Rab1 Ba6 20. Be1 d5 21. Bg3 Rfd8 22. Kf2 Rc4 23. Ke1 f6 24. h4 Kf7 25. Bf4 h5 26. Kf2 Rdc8 27. Rg1 R4c6 28. Rbd1 Rc4 29. g4 hxg4 30. Rxg4 Rh8 31. Rdg1 Rh7 32. h5 Rc8 33. Bd6 Na5 34. Bb4 Nc4 35. Nd1 Nxb2 36. Nxb2 Rc2+ 37. Kg3 Rxb2 38. Kf4 Rh2 39. Rc1 Bc4 40. e4 R7xh5 41. Re1 g5+ 42. Ke3 f5 43. exf5 exf5 44. Rxg5 Rxg5 45. Kf4 Rg8 46. Re7+ Kf6 47. Rb7 Rh4+ 48. Ke3 Re8+ 49. Kf2 Re6 50. Kg3 Rh1 51. Bf8 Rg1+ 52. Kf4 Rg8 53. Bb4 Kg6 54. a4 Rh8 55. a5 bxa5 56. Bxa5 Rh4+ 57. Kg3 Rxd4 58. Bc3 Rd3 0-1

[Event "BL 1718 (Women)"]
[Site "Germany"]
[Date "2017.11.18"]
[Round "2.6"]
[White "Reuter, Elisa"]
[Black "Schmidt, Jade"]
[Result "0-1"]
[WhiteElo "1910"]
[BlackElo "2054"]
[PlyCount "44"]
[EventDate "2017.10.01"]
[EventType "team-tourn"]
[EventRounds "11"]
[EventCountry "GER"]
[SourceTitle "EXT 2019"]
[Source "ChessBase"]
[SourceDate "2018.10.10"]
[SourceVersion "1"]
[SourceVersionDate "2018.10.10"]
[SourceQuality "1"]
[WhiteTeam "Erfurt Medizin (W)"]
[BlackTeam "Hamburger SK (W)"]
[WhiteTeamCountry "GER"]
[BlackTeamCountry "GER"]

1. e4 c5 2. Nf3 d6 3. d4 cxd4 4. Nxd4 Nf6 5. Nc3 Nc6 6. g3 Bg4 7. f3 Nxd4 8. fxg4 Nc6 9. Be3 Qa5 10. Bd3 g6 11. h3 Bg7 12. Qd2 0-0 13. Bh6 Ne5 14. 0-0-0 Nf3 15. Qe3 Bxh6 16. Qxh6 Rac8 17. Qe3 Ne5 18. g5 Nfd7 19. h4 Nb6 20. Qe2 Rxc3 21. bxc3 Qxc3 22. h5 Nbc4 0-1

[Event "BL 1617 (Women)"]
[Site "Germany"]
[Date "2017.04.29"]
[Round "9.5"]
[White "Evers, Annika"]
[Black "Schmidt, Jade"]
[Result "1/2-1/2"]
[WhiteElo "1820"]
[BlackElo "2082"]
[PlyCount "62"]
[EventDate "2016.10.22"]
[EventType "team-tourn"]
[EventRounds "11"]
[EventCountry "GER"]
[SourceTitle "EXT 2018"]
[Source "ChessBase"]
[SourceDate "2017.10.13"]
[SourceVersion "1"]
[SourceVersionDate "2017.10.13"]
[SourceQuality "1"]
[WhiteTeam "Harksheide (W)"]
[BlackTeam "Hamburger SK (W)"]
[WhiteTeamCountry "GER"]
[BlackTeamCountry "GER"]

1. d4 d5 2. Nf3 c6 3. e3 Nf6 4. Nbd2 Bf5 5. c4 e6 6. Nh4 Bg4 7. Qb3 Qb6 8. Bd3 Be7 9. Nhf3 Nbd7 10. 0-0 0-0 11. Qc2 Qc7 12. b3 Bh5 13. Bb2 Bg6 14. Bxg6 hxg6 15. cxd5 exd5 16. Ne5 Bd6 17. f4 Rfe8 18. Rf3 Nf8 19. Raf1 Re7 20. Rg3 N8h7 21. Ndf3 Ne4 22. Rh3 Rae8 23. Qe2 Nf8 24. Ng5 Nxg5 25. fxg5 Bxe5 26. dxe5 Ne6 27. Qg4 Rd7 28. Qh4 Kf8 29. Rhf3 Kg8 30. Rh3 Kf8 31. Rhf3 Kg8 1/2-1/2

[Event "GER-ch (Women)"]
[Site "Bad Wiessee"]
[Date "2017.04.06"]
[Round "7"]
[White "Schmidt, Jade"]
[Black "Just, Anita"]
[Result "0-1"]
[WhiteElo "2131"]
[BlackElo "1971"]
[PlyCount "120"]
[EventDate "2017.03.31"]
[EventType "swiss"]
[EventRounds "9"]
[EventCountry "GER"]
[SourceTitle "CBM 177 Extra"]
[Source "ChessBase"]
[SourceDate "2017.04.27"]
[SourceVersion "1"]
[SourceVersionDate "2017.04.27"]
[SourceQuality "1"]

1. d4 e6 2. c4 f5 3. Nc3 Nf6 4. Qc2 Bb4 5. e3 0-0 6. Bd3 d5 7. Nge2 Ne4 8. 0-0 Bxc3 9. Nxc3 Nxc3 10. Qxc3 c6 11. Bd2 Nd7 12. f3 Nf6 13. Qc2 Bd7 14. Bb4 Rf7 15. Rf2 Be8 16. b3 g5 17. Bc3 g4 18. Re2 Rg7 19. Kh1 Nh5 20. Rf1 g3 21. h3 Qh4 22. Kg1 Bd7 23. Rd1 f4 24. e4 Rf8 25. Kf1 e5 26. dxe5 Bxh3 27. Ke1 Be6 28. exd5 cxd5 29. Bd4 Rc8 30. c5 b6 31. b4 Rgc7 32. Kd2 a5 33. a3 axb4 34. axb4 bxc5 35. bxc5 Ra8 36. Ree1 Rca7 37. Ra1 Rxa1 38. Rxa1 Rxa1 39. Bxa1 Qh1 40. Bd4 Qxg2+ 41. Be2 Ng7 42. c6 Nf5 43. Bb6 Ne3 44. Bxe3 fxe3+ 45. Kc3 Qh1 46. Bd3 g2 47. Bxh7+ Kh8 48. Bf5 g1Q 49. Bxe6 Qa1+ 50. Kb4 Qhe1+ 51. Kc5 Qaa5+ 52. Kd6 Qd8+ 53. Bd7 Qb4+ 54. Kxd5 Qd2+ 55. Qxd2 exd2 56. f4 d1Q+ 57. Ke6 Qb3+ 58. Kf5 Qc2+ 59. Ke6 Qc4+ 60. Kf5 Qf8+ 0-1

[Event "GER-ch (Women)"]
[Site "Bad Wiessee"]
[Date "2017.04.05"]
[Round "6"]
[White "Zimmer, Elke"]
[Black "Schmidt, Jade"]
[Result "1-0"]
[WhiteElo "1938"]
[BlackElo "2131"]
[PlyCount "105"]
[EventDate "2017.03.31"]
[EventType "swiss"]
[EventRounds "9"]
[EventCountry "GER"]
[SourceTitle "CBM 177 Extra"]
[Source "ChessBase"]
[SourceDate "2017.04.27"]
[SourceVersion "1"]
[SourceVersionDate "2017.04.27"]
[SourceQuality "1"]

1. e4 c5 2. Nc3 Nc6 3. g3 g6 4. Bg2 Bg7 5. d3 d6 6. Be3 e6 7. Qd2 Rb8 8. Nf3 Nd4 9. 0-0 b5 10. Ne1 b4 11. Nd1 Bd7 12. h3 Ne7 13. Bh6 0-0 14. Bxg7 Kxg7 15. Ne3 Qa5 16. Kh2 Qa6 17. f4 Rb5 18. Nf3 Nxf3+ 19. Rxf3 Ra5 20. f5 f6 21. fxg6 hxg6 22. Ng4 Ng8 23. c3 Rxa2 24. Rxa2 Qxa2 25. cxb4 Rb8 26. Qc3 e5 27. Ne3 Rxb4 28. Rf2 Be6 29. Qd2 Qa6 30. Bf1 Qb6 31. g4 Ne7 32. Bg2 Qb8 33. Qe2 Nc6 34. Qf3 Qd8 35. h4 Nd4 36. Qg3 Ra4 37. Nf5+ gxf5 38. gxf5+ Kh8 39. fxe6 Nxe6 40. Qg6 Nf4 41. Qh6+ Kg8 42. Bh3 Kf7 43. Qh7+ Ke8 44. Qg8+ Ke7 45. Qg7+ Ke8 46. Rxf4 exf4 47. Be6 Qe7 48. Qg8+ Qf8 49. Bd7+ Ke7 50. Qxf8+ Kxf8 51. Bxa4 Kg7 52. Kg2 Kh6 53. Be8 1-0

[Event "GER-ch (Women)"]
[Site "Bad Wiessee"]
[Date "2017.04.02"]
[Round "3"]
[White "Schmidt, Jade"]
[Black "Kluge, Heidemarie"]
[Result "0-1"]
[WhiteElo "2131"]
[BlackElo "1940"]
[PlyCount "70"]
[EventDate "2017.03.31"]
[EventType "swiss"]
[EventRounds "9"]
[EventCountry "GER"]
[SourceTitle "CBM 177 Extra"]
[Source "ChessBase"]
[SourceDate "2017.04.27"]
[SourceVersion "1"]
[SourceVersionDate "2017.04.27"]
[SourceQuality "1"]

1. d4 d5 2. c4 c5 3. cxd5 Qxd5 4. Nf3 cxd4 5. Nc3 Qa5 6. Nxd4 Nf6 7. Nb3 Qc7 8. g3 e5 9. Bg2 Bb4 10. 0-0 0-0 11. Nb5 Qb6 12. a4 Nc6 13. Be3 Qd8 14. Qc2 a6 15. Rad1 Qe7 16. Nc3 Bd7 17. Bg5 Bxc3 18. Qxc3 Be6 19. Nc5 Nd4 20. Bxf6 gxf6 21. Rxd4 exd4 22. Qxd4 Rac8 23. Ne4 Kg7 24. f4 Rc4 25. Qf2 Rxa4 26. Nc3 Rb4 27. f5 Bc4 28. Qf3 Re8 29. Qg4+ Kh8 30. Bf3 Bxe2 31. Bxe2 Rxg4 32. Bxg4 Qb4 33. Bh5 Qxb2 34. Bxf7 Re7 35. Nd1 Qd4+ 0-1

[Event "BL 1617 (Women)"]
[Site "Germany"]
[Date "2017.03.25"]
[Round "7.5"]
[White "Schmidt, Jade"]
[Black "Schenk, Stefanie"]
[Result "1/2-1/2"]
[WhiteElo "2082"]
[BlackElo "2080"]
[PlyCount "52"]
[EventDate "2016.10.22"]
[EventType "team-tourn"]
[EventRounds "11"]
[EventCountry "GER"]
[SourceTitle "EXT 2018"]
[Source "ChessBase"]
[SourceDate "2017.10.13"]
[SourceVersion "1"]
[SourceVersionDate "2017.10.13"]
[SourceQuality "1"]
[WhiteTeam "Hamburger SK (W)"]
[BlackTeam "Bayern Muenchen (W)"]
[WhiteTeamCountry "GER"]
[BlackTeamCountry "GER"]

1. d4 Nf6 2. c4 e6 3. Nc3 Bb4 4. Qc2 0-0 5. a3 Bxc3+ 6. Qxc3 d5 7. Bg5 h6 8. Bh4 dxc4 9. Qxc4 c6 10. e3 Nbd7 11. Nf3 Qa5+ 12. b4 Qh5 13. h3 Re8 14. Qc2 Qd5 15. Bc4 Qd6 16. Bg3 Qe7 17. 0-0 a5 18. b5 c5 19. Rfd1 cxd4 20. Nxd4 Nb6 21. Be2 e5 22. Nf5 Bxf5 23. Qxf5 g6 24. Qb1 Rac8 25. Qa2 Ne4 26. Bg4 Rc7 1/2-1/2

[Event "BL 1617 (Women)"]
[Site "Germany"]
[Date "2017.03.04"]
[Round "5.6"]
[White "Schmidt, Jade"]
[Black "Scheynin, Julia"]
[Result "0-1"]
[WhiteElo "2082"]
[BlackElo "2028"]
[PlyCount "128"]
[EventDate "2016.10.22"]
[EventType "team-tourn"]
[EventRounds "11"]
[EventCountry "GER"]
[SourceTitle "EXT 2018"]
[Source "ChessBase"]
[SourceDate "2017.10.13"]
[SourceVersion "1"]
[SourceVersionDate "2017.10.13"]
[SourceQuality "1"]
[WhiteTeam "Hamburger SK (W)"]
[BlackTeam "Karlsruhe (W)"]
[WhiteTeamCountry "GER"]
[BlackTeamCountry "GER"]

1. d4 Nf6 2. c4 e6 3. Nc3 d5 4. Bg5 Be7 5. e3 0-0 6. cxd5 exd5 7. Bd3 Nbd7 8. Qc2 Re8 9. Nge2 c6 10. 0-0 Nf8 11. f3 h6 12. Bh4 Ne6 13. Rad1 b6 14. Kh1 Bb7 15. Bf2 c5 16. Bb5 Rf8 17. dxc5 bxc5 18. Rd2 Qb6 19. Bd3 Rfd8 20. Rfd1 Bc6 21. Bf5 Qa5 22. Bg3 Nf8 23. Nf4 c4 24. Nfe2 Ne6 25. Bxe6 fxe6 26. Nf4 Bd7 27. Ng6 Bc5 28. Re1 Be8 29. Nf4 Bf7 30. Bf2 e5 31. Nfe2 Re8 32. Ng3 Rad8 33. Red1 d4 34. exd4 exd4 35. Nce4 Nxe4 36. Nxe4 d3 37. Qc1 Bxf2 38. Rxf2 Qxa2 39. Qf4 Qb3 40. Rfd2 Qb6 41. h4 Qd4 42. Qg3 a5 43. Ra1 Ra8 44. Qc7 Qd8 45. Qg3 Qb8 46. Qg4 Qe5 47. Qd7 Be6 48. Qa4 Reb8 49. Qc6 Rc8 50. Qb6 Rcb8 51. Qc6 Qd5 52. Qc7 Rb7 53. Qg3 Rf8 54. Rc1 Qd4 55. Qd6 Qxd6 56. Nxd6 Rb4 57. Kg1 Rd8 58. Ne4 Rdb8 59. Rb1 Bf7 60. Kf2 a4 61. Nc3 a3 62. Nd1 Rb3 63. Ra1 axb2 64. Rb1 c3 0-1

[Event "GER-chT Federal Cup (Women)"]
[Site "Braunfels"]
[Date "2015.06.05"]
[Round "2.1"]
[White "Schmidt, Jade"]
[Black "Bakalarz, Grazyna"]
[Result "0-1"]
[WhiteElo "1998"]
[BlackElo "1954"]
[PlyCount "86"]
[EventDate "2015.06.04"]
[EventType "team-swiss"]
[EventRounds "5"]
[EventCountry "GER"]
[SourceTitle "CBM 167 Extra"]
[Source "ChessBase"]
[SourceDate "2015.09.14"]
[SourceVersion "1"]
[SourceVersionDate "2015.09.14"]
[SourceQuality "1"]
[WhiteTeam "Hamburg (W)"]
[BlackTeam "Rheinland Pfalz (W)"]
[WhiteTeamCountry "GER"]
[BlackTeamCountry "GER"]

1. d4 Nf6 2. c4 g6 3. Nc3 d5 4. Qb3 dxc4 5. Qxc4 Bg7 6. e4 c6 7. Be2 0-0 8. Nf3 Be6 9. Qd3 Na6 10. 0-0 Nb4 11. Qd1 a5 12. Ng5 Bd7 13. Re1 h6 14. Nf3 Bg4 15. h3 Bxf3 16. Bxf3 Qc7 17. a3 Na6 18. e5 Nh7 19. h4 Rad8 20. Bf4 Qb6 21. d5 Qxb2 22. Qd4 cxd5 23. Reb1 Qc2 24. Ra2 Qf5 25. Rxb7 g5 26. Nxd5 Rxd5 27. Qxd5 Qxf4 28. Rxe7 Qc1+ 29. Kh2 gxh4 30. Qxa5 Nc5 31. Qd2 Qb1 32. Rc2 Ne6 33. g3 hxg3+ 34. fxg3 Nhg5 35. Bg2 Bxe5 36. Rc4 Rd8 37. Qe2 Qb8 38. Qg4 Qd6 39. Rb7 Qxa3 40. Rc6 Qa2 41. Qc4 Nf3+ 42. Kh3 Neg5+ 43. Kg4 Rd4+ 0-1

[Event "GER-ch (Women)"]
[Site "Bad Wiessee"]
[Date "2015.02.13"]
[Round "8"]
[White "Schmidt, Jade"]
[Black "Barpiyeva, Gulsana"]
[Result "0-1"]
[WhiteElo "2089"]
[BlackElo "2089"]
[PlyCount "136"]
[EventDate "2015.02.06"]
[EventType "swiss"]
[EventRounds "9"]
[EventCountry "GER"]
[SourceTitle "CBM 164 Extra"]
[Source "ChessBase"]
[SourceDate "2015.03.02"]
[SourceVersion "1"]
[SourceVersionDate "2015.03.02"]
[SourceQuality "1"]

1. d4 Nf6 2. c4 c5 3. d5 b5 4. cxb5 a6 5. bxa6 Bxa6 6. Nc3 d6 7. e4 Bxf1 8. Kxf1 g6 9. g3 Bg7 10. Kg2 0-0 11. Nf3 Na6 12. Re1 Qb6 13. Qe2 Rfb8 14. Nd2 Nb4 15. Nc4 Qc7 16. Bf4 Nh5 17. Be3 Nf6 18. a3 Na6 19. Rad1 Nd7 20. Kg1 Nb6 21. Bc1 Nxc4 22. Qxc4 Qa5 23. Re2 Nc7 24. Rc2 Rb7 25. Ne2 h5 26. b4 cxb4 27. axb4 Qb5 28. Qxb5 Nxb5 29. Bb2 Ra4 30. Bxg7 Kxg7 31. Rb2 Na3 32. Rd4 Nb5 33. Rd3 Rc7 34. Nd4 Nxd4 35. Rxd4 Rb7 36. Kf1 Kf6 37. Rc4 e6 38. dxe6 fxe6 39. f4 Rb6 40. Ke2 e5 41. Kd3 Ke6 42. b5 Ra5 43. Rcb4 Ra3+ 44. R4b3 Ra4 45. Rc2 Ra5 46. Kc4 Ra4+ 47. Rb4 Ra3 48. Rf2 Re3 49. f5+ gxf5 50. exf5+ Kf6 51. Rb1 Re4+ 52. Kd3 Rd4+ 53. Kc3 Ra4 54. Rb4 Ra3+ 55. Kc4 Re3 56. Rb1 Re4+ 57. Kc3 d5 58. Rb4 Re1 59. Rh4 Rxb5 60. Rxh5 Re3+ 61. Kc2 Reb3 62. Rh6+ Kg7 63. Rg6+ Kf7 64. Rd2 d4 65. Rd6 Rc3+ 66. Kd1 Rb1+ 67. Ke2 Rh1 68. g4 Re3+ 0-1

[Event "GER-ch (Women)"]
[Site "Bad Wiessee"]
[Date "2015.02.07"]
[Round "3"]
[White "Schmidt, Jade"]
[Black "Noll, Sonja"]
[Result "1-0"]
[WhiteElo "2089"]
[BlackElo "1833"]
[PlyCount "77"]
[EventDate "2015.02.06"]
[EventType "swiss"]
[EventRounds "9"]
[EventCountry "GER"]
[SourceTitle "CBM 164 Extra"]
[Source "ChessBase"]
[SourceDate "2015.03.02"]
[SourceVersion "1"]
[SourceVersionDate "2015.03.02"]
[SourceQuality "1"]

1. d4 Nc6 2. Nf3 e5 3. dxe5 d5 4. exd6 Bxd6 5. Bg5 f6 6. Bh4 Nge7 7. Bg3 Bb4+ 8. c3 Qxd1+ 9. Kxd1 Ba5 10. Nbd2 Bg4 11. h3 Bh5 12. e3 0-0-0 13. Be2 Rd7 14. Kc1 Rhd8 15. Nc4 Nf5 16. Bh2 Nd6 17. Bxd6 cxd6 18. Nxa5 Nxa5 19. b3 d5 20. Rd1 Kc7 21. Rd2 h6 22. Kb2 Nc6 23. Rad1 Bf7 24. Nd4 Kb6 25. Bg4 Re7 26. Nf5 Re5 27. f4 Ree8 28. Nxg7 Rxe3 29. Nf5 Re4 30. Nxh6 Bg6 31. f5 Be8 32. Bf3 Rh4 33. Ng4 Ne5 34. Nxe5 fxe5 35. Rxd5 Rxd5 36. Bxd5 Rf4 37. g4 e4 38. Re1 Rf3 39. Rxe4 1-0

[Event "GER-ch (Women)"]
[Site "Bad Wiessee"]
[Date "2015.02.06"]
[Round "2"]
[White "Jussupow, Nadejda"]
[Black "Schmidt, Jade"]
[Result "1/2-1/2"]
[WhiteElo "2122"]
[BlackElo "2089"]
[PlyCount "71"]
[EventDate "2015.02.06"]
[EventType "swiss"]
[EventRounds "9"]
[EventCountry "GER"]
[SourceTitle "CBM 164 Extra"]
[Source "ChessBase"]
[SourceDate "2015.03.02"]
[SourceVersion "1"]
[SourceVersionDate "2015.03.02"]
[SourceQuality "1"]

1. d4 Nf6 2. c4 e6 3. Nc3 Bb4 4. Qc2 0-0 5. Bg5 d6 6. Nf3 Nbd7 7. e3 Re8 8. Be2 e5 9. 0-0 Bxc3 10. bxc3 h6 11. Bh4 b6 12. Nd2 Bb7 13. Rab1 Qe7 14. Bf3 Bxf3 15. Nxf3 Qe6 16. Qa4 g5 17. Bg3 Ne4 18. Qc6 f5 19. dxe5 Nxe5 20. Bxe5 dxe5 21. Qxe6+ Rxe6 22. Rbd1 Rae8 23. Rd7 R6e7 24. Rd3 Kg7 25. Rfd1 Kf6 26. Kf1 Nxf2 27. Kxf2 e4 28. Rd7 exf3 29. Rxe7 Rxe7 30. gxf3 Ke6 31. Rd4 Rd7 32. Kg3 c5 33. Rxd7 Kxd7 34. h4 Ke6 35. hxg5 hxg5 36. f4 1/2-1/2

[Event "GER-chT Federal Cup (Women)"]
[Site "Braunfels"]
[Date "2014.06.19"]
[Round "1.1"]
[White "Schmidt, Jade"]
[Black "Roos, Kseniya"]
[Result "0-1"]
[WhiteElo "2073"]
[BlackElo "2253"]
[PlyCount "76"]
[EventDate "2014.06.19"]
[EventType "team-swiss"]
[EventRounds "5"]
[EventCountry "GER"]
[SourceTitle "EXT 2015"]
[Source "ChessBase"]
[SourceDate "2014.11.20"]
[SourceVersion "1"]
[SourceVersionDate "2014.11.20"]
[SourceQuality "1"]
[WhiteTeam "Hamburg (W)"]
[BlackTeam "Sachsen (W)"]
[WhiteTeamCountry "GER"]
[BlackTeamCountry "GER"]

1. d4 g6 2. c4 d6 3. Nc3 Bg7 4. e4 Nd7 5. Be3 e5 6. d5 a5 7. Bd3 Nc5 8. Nge2 Nxd3+ 9. Qxd3 f5 10. f3 Nf6 11. exf5 gxf5 12. 0-0-0 0-0 13. Bg5 Qe8 14. Nb5 Qf7 15. Bxf6 Bxf6 16. h4 Bd7 17. Nbc3 a4 18. Rdg1 a3 19. b3 Rae8 20. g4 fxg4 21. Ne4 h5 22. N2g3 Bg7 23. fxg4 Qf4+ 24. Kc2 Bxg4 25. Rf1 Bf3 26. Rhg1 Kh8 27. Ng5 e4 28. Qd2 Qe5 29. Rb1 Rf4 30. Ne6 Rg4 31. Nxg7 Kxg7 32. Qc3 Qxc3+ 33. Kxc3 Re5 34. Rbe1 Kf6 35. Kb4 Rxh4 36. Nf1 Rg4 37. Ne3 Rxg1 38. Rxg1 Rg5 0-1

[Event "BL 1314 (Women)"]
[Site "Germany"]
[Date "2014.03.09"]
[Round "9.4"]
[White "Schmidt, Jade"]
[Black "Petrova, Kristyna"]
[Result "0-1"]
[WhiteElo "2137"]
[BlackElo "2231"]
[PlyCount "120"]
[EventDate "2013.10.04"]
[EventType "team-tourn"]
[EventRounds "11"]
[EventCountry "GER"]
[SourceTitle "EXT 2018"]
[Source "ChessBase"]
[SourceDate "2017.10.13"]
[SourceVersion "1"]
[SourceVersionDate "2017.10.13"]
[SourceQuality "1"]
[WhiteTeam "Hamburger SK (W)"]
[BlackTeam "Grosslehna (W)"]
[WhiteTeamCountry "GER"]
[BlackTeamCountry "GER"]

1. d4 Nf6 2. c4 g6 3. Nc3 d5 4. Nf3 Bg7 5. Bg5 Ne4 6. cxd5 Nxg5 7. Nxg5 e6 8. Qd2 h6 9. Nh3 exd5 10. Qe3+ Kf8 11. Nf4 Nc6 12. 0-0-0 Ne7 13. Qf3 c6 14. g4 Kg8 15. e3 Qd6 16. Bd3 a5 17. Qg3 Qb8 18. Rhg1 b6 19. h4 Bd7 20. h5 g5 21. Nfe2 Qxg3 22. Rxg3 f5 23. f3 b5 24. Kd2 Kf7 25. Rg2 Rhf8 26. Rc1 Ke8 27. Nd1 b4 28. gxf5 Nxf5 29. Bxf5 Rxf5 30. f4 Ke7 31. Nf2 Bh8 32. Nd3 Be8 33. Ng3 Rf8 34. fxg5 hxg5 35. Rc5 Bg7 36. Ke2 Bd7 37. Rh2 Bg4+ 38. Kd2 Rf3 39. Ne2 Bd7 40. h6 Bf6 41. Ne1 Rf1 42. Ng3 Rg1 43. Ne2 Rg4 44. Nf3 Kf7 45. Nc1 Rg3 46. Ne1 g4 47. Ncd3 Rh3 48. Rxh3 gxh3 49. Nf3 Rh8 50. Rc1 Rxh6 51. Rh1 Ke7 52. Nf2 c5 53. dxc5 Bxb2 54. Nd3 Bc3+ 55. Ke2 a4 56. Rh2 Bb5 57. Nd4 Bxd4 58. exd4 Rh4 59. Ke3 Re4+ 60. Kd2 Rxd4 0-1